| 000 | 01195cam a2200349 a 4500 | ||
|---|---|---|---|
| 001 | 13868066 | ||
| 005 | 20180215043003.0 | ||
| 008 | 050211s2005 enka b 001 0 eng | ||
| 010 | _a 2005004160 | ||
| 015 |
_aGBA539798 _2bnb |
||
| 016 | 7 |
_a013194866 _2Uk |
|
| 020 | _a0415358647 (hardback) | ||
| 020 | _a9780415358644 (hardback) | ||
| 020 | _a0415358655 (pbk.) | ||
| 020 | _a9780415358651 (pbk.) | ||
| 035 | _a(OCoLC)ocm57694857 | ||
| 035 |
_a(OCoLC)57694857 _z(OCoLC)60371067 |
||
| 040 |
_aDLC _cDLC _dOCLCQ _dUKM _dBAKER _dBWKUK _dNLGGC _dYDXCP _dDLC |
||
| 041 | _aeng | ||
| 043 | _an-us--- | ||
| 080 | _a15.85 | ||
| 082 | 0 | 0 |
_a327.73/009/049 _222 |
| 084 |
_a15.85 CAM _2bcl |
||
| 100 | 1 | _a19 | |
| 101 | _aSHP | ||
| 245 | 1 | 0 |
_aUS foreign policy after the Cold War : _cFraser Cameron. |
| 246 | 3 | _aUnited States foreign policy after the Cold War | |
| 504 | _aIncludes bibliographical references (p. [213]-222) and index. | ||
| 906 |
_a7 _bcbc _corignew _d1 _eecip _f20 _gy-gencatlg |
||
| 942 |
_2ddc _cBK |
||
| 999 |
_c42612 _d42612 |
||